|
|
|
|
| LEADER |
00689nam a2200229Ia 4500 |
| 008 |
240829s9999 xx 000 0 und d |
| 020 |
|
|
|a 970-10-1253-4
|
| 040 |
|
|
|a BIBLIOTECA-RUPAP Ref 690 W116
|
| 041 |
|
|
|a spa
|
| 082 |
|
|
|a Ref 690 W116
|
| 100 |
1 |
|
|a Waddell, Joseph J.
|
| 245 |
1 |
0 |
|a Manual de la construcción con concreto
|
| 250 |
|
|
|a 3a.ed.
|
| 260 |
|
|
|a México
|b McGraw-Hill
|c 2004
|
| 300 |
|
|
|a p. irreg. :il.
|
| 650 |
7 |
|
|a CONSTRUCCION - CONCRETO - MANUAL
|
| 650 |
7 |
|
|b CEMENTO, ADITIVOS, ACERO, AGREGADOS
|
| 650 |
7 |
|
|c PROPIEDADES DEL CONCRETO
|
| 650 |
7 |
|
|d DOSIFICACION MEZCLA. I. Dobrowolski, Joseph A, coaut. II. Tít.
|
| 942 |
|
|
|c BK
|2 ddc
|
| 991 |
|
|
|a TEXTO
|
| 999 |
|
|
|c 10455
|